000 01104nam a2200313 i 4500
001 169176
003 ES-MaACL
005 20250805062616.0
008 080821s2000 sp |||| |dspa d
020 _a84-8260-075-3
080 _a929 Todolí Duque, José
080 _a17(082.2)
080 _a316(082.2)
080 _a1(082.2)
245 0 0 _aÉtica y sociología
_b: estudios en memoria del profesor José Todolí, O.P. /
_cLuis Méndez Francisco (coordinador).
260 _a[Madrid] :
_bServicio de Publicaciones de la Universidad Complutense de Madrid ;
_aSalamanca :
_bSan Esteban,
_c[2000]
300 _a797 p., 1 retr. ;
_c25 cm.
490 1 _aAletheia ;
_v31
600 1 4 _aTodolí Duque, José-
_vHomenajes.
_9138246
650 7 _aÉtica
_2embne
_912577
650 7 _aSociología
_2embne
_917195
650 7 _aFilosofía
_2embne
_912802
700 1 _aTodoli Duque, José.
_9110411
700 1 _aMéndez Francisco, Luis.
_980152
710 2 _aUniversidad Complutense de Madrid.
_97098
830 1 _aAletheia ;
_v31
_9188849
852 _aES-MaACL
_jL-29626
999 _c169176
_d169176